[Event "EU-ch Amateur Online Final 2000/2300"]
[Site "Tornelo INT"]
[Date "2021.04.28"]
[Round "2"]
[White "Todorovic, Bojan"]
[Black "Makris, Spyridon Dionysios"]
[Result "1-0"]
[WhiteElo "2280"]
[BlackElo "1935"]
[PlyCount "66"]
[EventDate "2021.04.28"]
[EventType "swiss (rapid)"]
[EventRounds "9"]
[EventCountry "NET"]
[SourceTitle "EXT 2023"]
[Source "ChessBase"]
[SourceDate "2022.10.05"]
[SourceVersion "1"]
[SourceVersionDate "2022.10.05"]
[SourceQuality "1"]

1. Nf3 Nf6 2. g3 g6 3. Bg2 Bg7 4. 0-0 0-0 5. c4 c5 6. Nc3 d5 7. cxd5 Nxd5 8. Nxd5 Qxd5 9. d3 Nc6 10. Be3 Qd6 11. Rc1 b6 12. d4 cxd4 13. Nxd4 Nxd4 14. Bxa8 Bg4 15. Bxd4 Bxd4 16. Bf3 Bxf3 17. exf3 Qf6 18. b3 Rd8 19. Qe2 e6 20. f4 Qf5 21. Rfd1 h5 22. h4 b5 23. Kg2 a5 24. Rd3 a4 25. Rcd1 Qd5+ 26. Qf3 axb3 27. Qxd5 Rxd5 28. axb3 Bb2 29. Rxd5 exd5 30. Rxd5 b4 31. f5 Bc3 32. fxg6 fxg6 33. Rd7 Bg7 1-0

[Event "EU-ch Amateur Online 1700/2000"]
[Site "Tornelo INT"]
[Date "2021.04.24"]
[Round "2"]
[White "Domovic, Ognjen"]
[Black "Makris, Spyridon Dionysios"]
[Result "0-1"]
[WhiteElo "1645"]
[BlackElo "1935"]
[PlyCount "34"]
[EventDate "2021.04.24"]
[EventType "swiss (rapid)"]
[EventRounds "8"]
[EventCountry "NET"]
[SourceTitle "EXT 2023"]
[Source "ChessBase"]
[SourceDate "2022.10.05"]
[SourceVersion "1"]
[SourceVersionDate "2022.10.05"]
[SourceQuality "1"]

1. e4 e5 2. Nf3 Nc6 3. Bc4 Nf6 4. Ng5 d5 5. exd5 Na5 6. Bb5+ c6 7. dxc6 bxc6 8. Bd3 h6 9. Ne4 Nd5 10. Nbc3 Be7 11. Ng3 0-0 12. 0-0 f5 13. f3 Nf4 14. Be2 Qd4+ 15. Kh1 h5 16. Re1 Bc5 17. Rg1 h4 0-1

[Event "EU-ch Amateur Online 1700/2000"]
[Site "Tornelo INT"]
[Date "2021.04.24"]
[Round "5"]
[White "Kazantzoglou, Stefanos"]
[Black "Makris, Spyridon Dionysios"]
[Result "0-1"]
[WhiteElo "1645"]
[BlackElo "1935"]
[PlyCount "94"]
[EventDate "2021.04.24"]
[EventType "swiss (rapid)"]
[EventRounds "8"]
[EventCountry "NET"]
[SourceTitle "EXT 2023"]
[Source "ChessBase"]
[SourceDate "2022.10.05"]
[SourceVersion "1"]
[SourceVersionDate "2022.10.05"]
[SourceQuality "1"]

1. e4 e5 2. Nf3 Nc6 3. Bc4 Nf6 4. d3 Be7 5. 0-0 0-0 6. c3 d5 7. exd5 Nxd5 8. Be3 Kh8 9. Re1 f6 10. Nbd2 Nb6 11. Bxb6 axb6 12. Nf1 Na5 13. Ne3 Nxc4 14. Nxc4 Bf5 15. d4 b5 16. Ne3 Be4 17. Nd2 exd4 18. cxd4 Bg6 19. Ndf1 Bd6 20. Ng3 f5 21. Nc2 f4 22. Ne4 f3 23. Nxd6 Qxd6 24. g3 Qd7 25. Ne3 Qh3 26. Qb3 Rae8 27. Qxb5 Rxe3 28. Qf1 Rxe1 29. Rxe1 Qxf1+ 30. Kxf1 Re8 31. Rd1 Bc2 32. Rd2 Ba4 33. h4 Bb5+ 34. Kg1 Re1+ 35. Kh2 Re2 36. Rxe2 fxe2 37. d5 e1Q 38. d6 Qxf2+ 39. Kh3 Qf5+ 40. Kg2 cxd6 41. a4 Bc6+ 42. Kh2 Qf2+ 43. Kh3 Bd7+ 44. g4 Qf3+ 45. Kh2 Qxg4 46. a5 Bc6 47. h5 Qg2# 0-1

[Event "GRE-chT Online Rapid op 1st"]
[Site "Tornelo INT"]
[Date "2021.02.21"]
[Round "7.19"]
[White "Darmarakis, Mihail"]
[Black "Makris, Spyridon Dionysios"]
[Result "0-1"]
[WhiteElo "2230"]
[BlackElo "1935"]
[PlyCount "100"]
[EventDate "2021.02.20"]
[EventType "team-swiss (rapid)"]
[EventRounds "9"]
[EventCountry "GRE"]
[SourceTitle "EXT 2023"]
[Source "ChessBase"]
[SourceDate "2022.10.05"]
[SourceVersion "1"]
[SourceVersionDate "2022.10.05"]
[SourceQuality "1"]

1. e4 e5 2. Nf3 Nc6 3. Bb5 a6 4. Ba4 Nf6 5. Nc3 b5 6. Bb3 Be7 7. a4 b4 8. Nd5 Nxe4 9. d4 exd4 10. Bf4 d6 11. Nxd4 Nxd4 12. Qxd4 Nf6 13. 0-0 0-0 14. Qxb4 Be6 15. Nxe7+ Qxe7 16. Rfe1 Qd7 17. Bg5 Bxb3 18. Bxf6 Bxc2 19. Bxg7 Kxg7 20. Qc3+ Kg8 21. Qxc2 Rfe8 22. Rec1 Rab8 23. Ra3 Re6 24. Rh3 Rg6 25. b3 Qxh3 26. Qxg6+ hxg6 27. gxh3 Rxb3 28. Rxc7 Rb4 29. a5 Rb5 30. Rc6 Rxa5 31. Rxd6 Rg5+ 32. Kf1 a5 33. Ra6 Rf5 34. Kg2 Kf8 35. Ra7 Ke8 36. h4 Kd8 37. f4 Kc8 38. Kf3 Kb8 39. Re7 a4 40. Re3 Ra5 41. Ra3 Kc7 42. Ke3 Kc6 43. Kd4 Rf5 44. Ke4 Kb5 45. Rd3 Kb4 46. Rd4+ Kb3 47. Rd8 Ra5 48. Rb8+ Kc2 49. Rc8+ Kd2 50. f5 a3 0-1

[Event "GRE-chT Online Rapid op 1st"]
[Site "Tornelo INT"]
[Date "2021.02.21"]
[Round "5.20"]
[White "Makris, Spyridon Dionysios"]
[Black "Stoimenidis, Dimitrios"]
[Result "0-1"]
[WhiteElo "1935"]
[BlackElo "1786"]
[PlyCount "28"]
[EventDate "2021.02.20"]
[EventType "team-swiss (rapid)"]
[EventRounds "9"]
[EventCountry "GRE"]
[SourceTitle "EXT 2023"]
[Source "ChessBase"]
[SourceDate "2022.10.05"]
[SourceVersion "1"]
[SourceVersionDate "2022.10.05"]
[SourceQuality "1"]

1. d4 Nf6 2. c4 e6 3. Nc3 Bb4 4. g3 c5 5. Nf3 cxd4 6. Nxd4 Nc6 7. Bg2 0-0 8. 0-0 Qa5 9. Nb3 Qh5 10. e4 Qg6 11. Qe2 d6 12. Rd1 e5 13. Nd5 Be6 14. Be3 Nxe4 0-1

[Event "GRE-ch Online Blitz op 1st"]
[Site "Tornelo INT"]
[Date "2021.02.07"]
[Round "12"]
[White "Makris, Spyridon Dionysios"]
[Black "Kalogridis, Themistoklis"]
[Result "1-0"]
[WhiteElo "1717"]
[BlackElo "1189"]
[PlyCount "121"]
[EventDate "2021.02.07"]
[EventType "swiss (blitz)"]
[EventRounds "16"]
[EventCountry "GRE"]
[SourceTitle "EXT 2023"]
[Source "ChessBase"]
[SourceDate "2022.10.05"]
[SourceVersion "1"]
[SourceVersionDate "2022.10.05"]
[SourceQuality "1"]

1. d4 d5 2. c4 e6 3. Nc3 Be7 4. cxd5 exd5 5. Bf4 Nf6 6. e3 c6 7. Bd3 Nbd7 8. h3 0-0 9. Nf3 Re8 10. 0-0 Nf8 11. Qc2 Ng6 12. Bh2 Bd6 13. Rab1 Bxh2+ 14. Kxh2 Qd6+ 15. Kg1 Bd7 16. b4 Rac8 17. a4 Qe7 18. Bf5 Bxf5 19. Qxf5 Ne4 20. Nxe4 Qxe4 21. Qxe4 dxe4 22. Nd2 f5 23. g3 Red8 24. Rfc1 b6 25. Rc3 Ne7 26. Rbc1 Nd5 27. Rc4 Rc7 28. b5 c5 29. Nb3 Rdc8 30. dxc5 Kf7 31. c6 a6 32. Rd1 axb5 33. axb5 Kf6 34. Rxd5 Ke6 35. Rcd4 g6 36. Rd6+ Ke7 37. Rd7+ Rxd7 38. Rxd7+ Ke6 39. Nd4+ Ke5 40. c7 h5 41. Kg2 g5 42. Nc6+ Ke6 43. Rh7 Kd6 44. Rxh5 Rxc7 45. Rxg5 f4 46. gxf4 Rxc6 47. bxc6 Kxc6 48. h4 b5 49. h5 b4 50. h6 b3 51. Rg8 Kc7 52. Kh2 b2 53. Rg1 Kc6 54. h7 b1R 55. Rxb1 Kd7 56. h8Q Kc6 57. Qc3+ Kd7 58. Rd1+ Ke7 59. Qe5+ Kf7 60. Rd7+ Kg6 61. Qg5# 1-0

[Event "GRE-ch Online Blitz op 1st"]
[Site "Tornelo INT"]
[Date "2021.02.07"]
[Round "8"]
[White "Makris, Spyridon Dionysios"]
[Black "Toumpakari, Maria"]
[Result "1-0"]
[WhiteElo "1717"]
[BlackElo "1376"]
[PlyCount "59"]
[EventDate "2021.02.07"]
[EventType "swiss (blitz)"]
[EventRounds "16"]
[EventCountry "GRE"]
[SourceTitle "EXT 2023"]
[Source "ChessBase"]
[SourceDate "2022.10.05"]
[SourceVersion "1"]
[SourceVersionDate "2022.10.05"]
[SourceQuality "1"]

1. d4 Nf6 2. c4 c5 3. d5 e6 4. Nc3 exd5 5. cxd5 d6 6. e4 a6 7. a4 g6 8. Nf3 Bg7 9. Nd2 0-0 10. Be2 Nbd7 11. 0-0 Ne5 12. f3 Bd7 13. a5 Bb5 14. Bxb5 axb5 15. Nxb5 Rxa5 16. Rxa5 Qxa5 17. Nxd6 Qa6 18. f4 Qxd6 19. fxe5 Qxe5 20. Qc2 Re8 21. Qxc5 Nxe4 22. Nxe4 Qxe4 23. Qb5 Bd4+ 24. Kh1 Qe7 25. d6 Qd8 26. d7 Re7 27. Bg5 f6 28. Qd5+ Kg7 29. Qxd4 Rxd7 30. Bxf6+ 1-0

[Event "Kanoni Easter op 1st"]
[Site "Kanoni"]
[Date "2019.05.04"]
[Round "7"]
[White "Makris, Spyridon Dionysios"]
[Black "Gouloutis, Nikolaos"]
[Result "0-1"]
[WhiteElo "1731"]
[BlackElo "2361"]
[PlyCount "46"]
[EventDate "2019.04.29"]
[EventType "swiss"]
[EventRounds "9"]
[EventCountry "GRE"]
[SourceTitle "CBM 190 Extra"]
[Source "ChessBase"]
[SourceDate "2019.07.15"]
[SourceVersion "1"]
[SourceVersionDate "2019.07.15"]
[SourceQuality "1"]

1. d4 Nf6 2. c4 e6 3. Nc3 Bb4 4. e3 0-0 5. Nge2 Re8 6. a3 Bf8 7. Ng3 d5 8. Bd3 g6 9. 0-0 h5 10. b3 Nc6 11. cxd5 exd5 12. Bb2 Bh6 13. Qc2 Ne7 14. Rae1 h4 15. Nge2 Bf5 16. Nc1 c6 17. b4 Qd6 18. h3 Qd7 19. Nb3 b6 20. Kh2 Rac8 21. a4 Qd6+ 22. Kg1 Bxd3 23. Qxd3 Qxb4 0-1

[Event "Kanoni Easter op 1st"]
[Site "Kanoni"]
[Date "2019.04.30"]
[Round "2"]
[White "Leftheriotis, Alexandros"]
[Black "Makris, Spyridon Dionysios"]
[Result "0-1"]
[WhiteElo "2054"]
[BlackElo "1731"]
[PlyCount "96"]
[EventDate "2019.04.29"]
[EventType "swiss"]
[EventRounds "9"]
[EventCountry "GRE"]
[SourceTitle "CBM 190 Extra"]
[Source "ChessBase"]
[SourceDate "2019.07.15"]
[SourceVersion "1"]
[SourceVersionDate "2019.07.15"]
[SourceQuality "1"]

1. Nf3 Nf6 2. c4 e6 3. e3 d5 4. Nc3 Be7 5. Qc2 0-0 6. cxd5 exd5 7. d4 b6 8. Be2 c5 9. 0-0 Bb7 10. Rd1 Nbd7 11. Ng5 Rc8 12. Qf5 h6 13. Nh3 Bd6 14. Nf4 Bxf4 15. Qxf4 a6 16. Bf3 Re8 17. Qf5 g6 18. Qf4 h5 19. Qg3 c4 20. a4 Nb8 21. Qg5 Ne4 22. Qh6 Nc6 23. Be2 Na5 24. Nxe4 Rxe4 25. Bf3 Re8 26. Ra3 Nb3 27. Bd2 Nxd2 28. Rxd2 Qf6 29. h3 Ra8 30. Bxh5 Re4 31. Bg4 Bc8 32. f3 Re7 33. Kf2 Bd7 34. Re2 Rae8 35. Bxd7 Rxd7 36. h4 Rd6 37. Qg5 Kg7 38. Qg4 Re4 39. f4 Rd8 40. g3 Rde8 41. Kf3 Qe7 42. Qg5 Qe6 43. f5 Qxf5+ 44. Qxf5 gxf5 45. Rf2 Kg6 46. Ke2 Rxd4 47. Ra1 Rd3 48. h5+ Kg5 0-1

[Event "GRE-chT 46th"]
[Site "Rio Achaia"]
[Date "2018.07.10"]
[Round "1.12"]
[White "Poulopoulos, Ilias"]
[Black "Makris, Spyridon Dionysios"]
[Result "0-1"]
[WhiteElo "1290"]
[BlackElo "1799"]
[PlyCount "108"]
[EventDate "2018.07.10"]
[EventType "team"]
[EventRounds "7"]
[EventCountry "GRE"]
[SourceTitle "CBM 185 Extra"]
[Source "ChessBase"]
[SourceDate "2018.07.29"]
[SourceVersion "1"]
[SourceVersionDate "2018.07.29"]
[SourceQuality "1"]
[WhiteTeam "Kalamata Poseidon"]
[BlackTeam "Portrait"]
[WhiteTeamCountry "GRE"]
[BlackTeamCountry "GRE"]

1. e4 e5 2. Nf3 Nc6 3. Bc4 Nf6 4. d3 Be7 5. c3 0-0 6. Nbd2 d6 7. Bb3 Na5 8. Bc2 c5 9. Nf1 Nc6 10. Ng3 h6 11. 0-0 Re8 12. Re1 Bf8 13. h3 d5 14. Qe2 Be6 15. Nh2 Qc8 16. Nh5 Nxh5 17. Qxh5 g6 18. Qh4 Qd8 19. Qg3 d4 20. c4 Bg7 21. a3 a6 22. f4 exf4 23. Bxf4 Bd7 24. Ng4 Bxg4 25. Qxg4 Ne5 26. Qe2 Qd7 27. b4 Rec8 28. Rab1 b5 29. Bxe5 Bxe5 30. Bb3 Qd6 31. Rf1 Rc7 32. Qf3 Raa7 33. Kh1 cxb4 34. axb4 Qxb4 35. cxb5 Qxb5 36. Bc4 Qd7 37. Rb6 Kg7 38. Bxa6 Qd8 39. Rfb1 Rc3 40. R6b5 Qc7 41. Rf1 Rc1 42. Rxe5 Rxf1+ 43. Qxf1 Qxe5 44. Bc4 h5 45. Kg1 h4 46. Qf3 Rb7 47. Kf1 Qa5 48. Qd1 Qc3 49. Kf2 Rb2+ 50. Kf3 g5 51. g3 hxg3 52. Kxg3 Qd2 53. Qf1 Qh2+ 54. Kf3 Qf4# 0-1

[Event "GRE-ch U16"]
[Site "Rio Achaia"]
[Date "2018.07.06"]
[Round "5"]
[White "Makris, Spyridon Dionysios"]
[Black "Papadopoulos, Ioannis1111"]
[Result "1/2-1/2"]
[WhiteElo "1799"]
[BlackElo "1929"]
[PlyCount "67"]
[EventDate "2018.07.03"]
[EventType "swiss"]
[EventRounds "9"]
[EventCountry "GRE"]
[SourceTitle "EXT 2019"]
[Source "ChessBase"]
[SourceDate "2018.10.10"]
[SourceVersion "1"]
[SourceVersionDate "2018.10.10"]
[SourceQuality "1"]

1. d4 d5 2. c4 e6 3. Nc3 Nf6 4. cxd5 exd5 5. Bg5 Be7 6. e3 c6 7. Bd3 Nbd7 8. h3 0-0 9. Nf3 Re8 10. 0-0 Nf8 11. Qc2 Nh5 12. Bxe7 Qxe7 13. Rab1 Nf6 14. b4 N8d7 15. Nd2 Nb6 16. Rfc1 h6 17. a4 Be6 18. a5 Nc4 19. Bxc4 dxc4 20. Ne2 Nd5 21. Nxc4 Qg5 22. Ng3 h5 23. Qd1 h4 24. Qh5 Qxh5 25. Nxh5 g6 26. Nf4 Nxf4 27. exf4 Rad8 28. Ne3 Rxd4 29. b5 Bd7 30. bxc6 Bxc6 31. a6 Re7 32. f5 Kg7 33. axb7 Bxb7 34. fxg6 1/2-1/2

[Event "GRE-ch U16"]
[Site "Rio Achaia"]
[Date "2018.07.04"]
[Round "3"]
[White "Makris, Spyridon Dionysios"]
[Black "Katopodis, Dimitrios"]
[Result "0-1"]
[WhiteElo "1799"]
[BlackElo "2267"]
[PlyCount "80"]
[EventDate "2018.07.03"]
[EventType "swiss"]
[EventRounds "9"]
[EventCountry "GRE"]
[SourceTitle "EXT 2019"]
[Source "ChessBase"]
[SourceDate "2018.10.10"]
[SourceVersion "1"]
[SourceVersionDate "2018.10.10"]
[SourceQuality "1"]

1. d4 d5 2. c4 e6 3. cxd5 exd5 4. Nc3 c6 5. Qc2 Bd6 6. Nf3 h6 7. e4 dxe4 8. Qxe4+ Ne7 9. Bd3 Bf5 10. Qe2 Bxd3 11. Qxd3 Nd7 12. 0-0 Nf6 13. Ne4 Nfd5 14. Ne5 0-0 15. f4 Nb4 16. Qd2 Nf5 17. g4 Bxe5 18. dxe5 Qb6+ 19. Qf2 Qxf2+ 20. Kxf2 Nd4 21. Be3 Nd3+ 22. Kg3 Nc2 23. Rfd1 Nxa1 24. Rxd3 Nc2 25. Bd2 Rfd8 26. Nd6 b6 27. Bc3 c5 28. a3 f6 29. Rd2 fxe5 30. fxe5 Na1 31. Kf4 Nb3 32. Rd1 Kf8 33. Ke4 Ke7 34. Nf5+ Kf7 35. Rf1 Nd2+ 36. Bxd2 Rxd2 37. Nxh6+ Ke6 38. Nf7 Rd4+ 39. Ke3 Rxg4 40. h3 Rg2 0-1

[Event "GRE-ch Schools Lykeia 30th"]
[Site "Peristeri"]
[Date "2018.04.02"]
[Round "8"]
[White "Loukopoulos, Panagiotis Athanasi"]
[Black "Makris, Spyridon Dionysios"]
[Result "1-0"]
[WhiteElo "1859"]
[BlackElo "1866"]
[PlyCount "49"]
[EventDate "2018.04.01"]
[EventType "swiss (rapid)"]
[EventRounds "9"]
[EventCountry "GRE"]
[SourceTitle "EXT 2019"]
[Source "ChessBase"]
[SourceDate "2018.10.10"]
[SourceVersion "1"]
[SourceVersionDate "2018.10.10"]
[SourceQuality "1"]

1. e4 e5 2. Nf3 Nc6 3. Bc4 Nf6 4. d3 Bc5 5. c3 a6 6. Bb3 0-0 7. Bg5 h6 8. Bh4 d6 9. h3 g5 10. Bg3 Nh5 11. Bh2 Qf6 12. Nbd2 Nf4 13. Bxf4 gxf4 14. Qe2 Kh8 15. Nh2 Qh4 16. Ndf3 Qh5 17. 0-0-0 f5 18. Rd2 Ba7 19. Kb1 Na5 20. Bc2 Rg8 21. Rg1 fxe4 22. dxe4 Be6 23. Ng4 Rg6 24. b3 Rag8 25. Bd1 1-0